000
00277nam a2200121Ia 4500
008
190216s9999||||xx |||||||||||||| ||und||
100
_a
Mookerjee S S
245
0
_a
Theory And Practice Of Managment
260
_b
Null
_c
1979
300
_a
440p
650
_a
Commerce
942
_c
BK
999
_c
4874
_d
4874